000 00422nam a2200181Ia 4500
005 20250423094610.0
008 250422s9999 xx 000 0 und d
020 _a9781133590552
050 _aQH 308.2 .S73/
100 _aStarr, Cecie
245 0 _aBiology today and tomorrow
250 _a4th ed.
260 _aUSA
260 _bBROOKS/COLE Cengage Learning
260 _c2013
300 _a579 p
942 _cBK
999 _c27723
_d27723